Library Banner

Psychoanalytic diagnosis (Record no. 57213)

MARC details
000 -LEADER
fixed length control field 00555nam a2200193Ia 4500
001 - CONTROL NUMBER
control field 59885
008 - FIXED-LENGTH DATA ELEMENTS--GENERAL INFORMATION
fixed length control field 140520s9999 xx 000 0 und d
020 ## - INTERNATIONAL STANDARD BOOK NUMBER
International Standard Book Number 9781609184940
040 ## - CATALOGING SOURCE
Transcribing agency PK-LaUMT
082 ## - DEWEY DECIMAL CLASSIFICATION NUMBER
Classification number 616.8917
Item number MCW-P
100 ## - MAIN ENTRY--PERSONAL NAME
Personal name McWilliams, Nancy
245 ## - TITLE STATEMENT
Title Psychoanalytic diagnosis
Remainder of title understanding personality structure in the clinical process
Statement of responsibility, etc McWilliams, Nancy
250 ## - EDITION STATEMENT
Edition statement 2nd
260 ## - PUBLICATION, DISTRIBUTION, ETC. (IMPRINT)
Place of publication, distribution, etc New York,USA:
Name of publisher, distributor, etc The Guilford Press,
Date of publication, distribution, etc 2011
300 ## - PHYSICAL DESCRIPTION
Extent 426 p.
546 ## - LANGUAGE NOTE
Language note EN
650 ## - SUBJECT ADDED ENTRY--TOPICAL TERM
Topical term or geographic name as entry element Personality disorders-Diagnosis
942 ## - ADDED ENTRY ELEMENTS (KOHA)
Koha item type Books
Holdings
Withdrawn status Lost status Damaged status Not for loan Home library Current library Date acquired Total Checkouts Full call number Barcode Date last seen Price effective from Koha item type
        UMT Main Campus UMT Main Campus 2014-05-20   616.8917 MCW-P 81837 2014-05-21 2014-05-21 Books